| 000 | 00734nam a2200217Ia 4500 | ||
|---|---|---|---|
| 003 | IN-BaIIA | ||
| 008 | 211028s9999 xx 000 0 eng d | ||
| 040 | _cIIA Library | ||
| 080 |
_a535 _bMIC |
||
| 111 |
_aSymposium on Optical Masers _cNew York _d1963 Apr. 16-19 _97066 |
||
| 245 | 0 |
_aOptical Masers _bproceedings of the symposium on Optical Masers, held in New York, April 16-19, 1963 _cedited by Jenome Fox |
|
| 260 |
_aBrooklyn _bPolytechnic Press _c1963 |
||
| 300 | _axxv, 652p. | ||
| 490 | _aMicrowave Research Institute Symposium Series; v. 13 | ||
| 650 |
_aLasers _93580 |
||
| 650 | _aNASA Thesaurus | ||
| 650 | _aOptics | ||
| 700 |
_aFox, Jenome., ed. _97067 |
||
| 710 |
_aMicrowave Research Institute _97068 |
||
| 942 | _cBK | ||
| 999 |
_c3998 _d3998 |
||